Shatter city. #2 / Scott Westerfeld.
Available copies
- 3 of 3 copies available at LARL/NWRL Consortium.
- 2 of 2 copies available at Lake Agassiz Regional Library. (Show preferred library)
Current holds
0 current holds with 3 total copies.
Show All Copies
| Location | Call Number / Copy Notes | Barcode | Shelving Location | Status | Due Date |
|---|---|---|---|---|---|
| Crookston Public Library | Y WES (Text) | 33500013170196 | Main | Available | - |
| Moorhead Public Library | Y WES (Text) | 33500013170204 | Main | Available | - |
| Roseau Public Library | ya WES (Text) | 35500006222390 | Main | Available | - |
Record details
- ISBN: 9781338150414
- ISBN: 1338150413
- Physical Description: 406 pages ; 22 cm.
- Edition: First edition.
- Publisher: New York : Scholastic Press, an imprint of Scholastic Inc., 2019.
- Copyright: ©2019
Content descriptions
| Summary, etc.: | Assuming her twin's identity, Frey works to ... Read More |
Search for related items by subject
| Genre: | Young adult fiction. Fiction. Juvenile works. Young adult works. Science fiction. |
Search for related items by series
| LDR | 02692cam a2200649Ii 4500 | ||
|---|---|---|---|
| 001 | 331292 | ||
| 003 | LARL_NWRL_CONSORTIUM | ||
| 005 | 20191204152059.0 | ||
| 008 | 190911t20192019nyu j 000 1 eng d | ||
| 040 | . | ‡aNjBwBT ‡beng ‡erda ‡cFMG ‡dFMG ‡dOCLCO ‡dT7X ‡dOCO ‡dOCLCQ ‡dVP@ ‡dCLE ‡dTCH ‡dILC ‡dOCLCO ‡dIUK ‡dEHH ‡dDPL ‡dOCLCF | |
| 020 | . | ‡a9781338150414 ‡q(hardcover) | |
| 020 | . | ‡a1338150413 ‡q(hardcover) | |
| 035 | . | ‡a(OCoLC)1118692579 | |
| 082 | 0 | 4. | ‡a[Fic] ‡223 |
| 100 | 1 | . | ‡aWesterfeld, Scott, ‡eauthor. ‡0(LARL_NWRL_CONSORTIUM)96968 |
| 245 | 1 | 0. | ‡aShatter city. ‡n#2 / ‡cScott Westerfeld. |
| 250 | . | ‡aFirst edition. | |
| 264 | 1. | ‡aNew York : ‡bScholastic Press, an imprint of Scholastic Inc., ‡c2019. | |
| 264 | 4. | ‡c©2019 | |
| 300 | . | ‡a406 pages ; ‡c22 cm. | |
| 336 | . | ‡atext ‡btxt ‡2rdacontent | |
| 337 | . | ‡aunmediated ‡bn ‡2rdamedia | |
| 338 | . | ‡avolume ‡bnc ‡2rdacarrier | |
| 490 | 0 | . | ‡aImpostors ; ‡v2 |
| 520 | . | ‡aAssuming her twin's identity, Frey works to destroy her father. When a rebel uprising strands her in Pas, and the city comes under attack, Frey must step out of the shadows to find her missing sister and take action against her tyrant father. | |
| 650 | 0. | ‡aTwin sisters ‡vFiction. | |
| 650 | 0. | ‡aTwins ‡vJuvenile fiction. ‡0(LARL_NWRL_CONSORTIUM)167782 | |
| 650 | 0. | ‡aSisters ‡vJuvenile fiction. ‡0(LARL_NWRL_CONSORTIUM)167228 | |
| 650 | 0. | ‡aFathers and daughters ‡vJuvenile fiction. ‡0(LARL_NWRL_CONSORTIUM)165010 | |
| 650 | 0. | ‡aBodyguards ‡vJuvenile fiction. | |
| 650 | 0. | ‡aAssassins ‡vJuvenile fiction. | |
| 650 | 0. | ‡aSecrecy ‡vJuvenile fiction. ‡0(LARL_NWRL_CONSORTIUM)174888 | |
| 650 | 0. | ‡aIdentity (Psychology) ‡vJuvenile fiction. ‡0(LARL_NWRL_CONSORTIUM)169850 | |
| 650 | 1. | ‡aTwins ‡vFiction. ‡0(LARL_NWRL_CONSORTIUM)167632 | |
| 650 | 1. | ‡aSisters ‡vFiction. ‡0(LARL_NWRL_CONSORTIUM)167281 | |
| 650 | 1. | ‡aImpersonation ‡vFiction. ‡0(LARL_NWRL_CONSORTIUM)172486 | |
| 650 | 1. | ‡aFathers and daughters ‡vFiction. ‡0(LARL_NWRL_CONSORTIUM)164950 | |
| 650 | 7. | ‡aYOUNG ADULT FICTION / Science Fiction / General. ‡2bisacsh | |
| 650 | 7. | ‡aYOUNG ADULT FICTION / Action & Adventure / Survival Stories. ‡2bisacsh | |
| 650 | 7. | ‡aYOUNG ADULT FICTION / Family / Siblings. ‡2bisacsh | |
| 650 | 7. | ‡aAssassins. ‡2fast ‡0(LARL_NWRL_CONSORTIUM)14137 | |
| 650 | 7. | ‡aBodyguards. ‡2fast ‡0(LARL_NWRL_CONSORTIUM)15212 | |
| 650 | 7. | ‡aFathers and daughters. ‡2fast ‡0(LARL_NWRL_CONSORTIUM)20043 | |
| 650 | 7. | ‡aIdentity (Psychology) ‡2fast ‡0(LARL_NWRL_CONSORTIUM)22686 | |
| 650 | 7. | ‡aSecrecy. ‡2fast ‡0(LARL_NWRL_CONSORTIUM)177394 | |
| 650 | 7. | ‡aSisters. ‡2fast ‡0(LARL_NWRL_CONSORTIUM)31054 | |
| 650 | 7. | ‡aTwin sisters. ‡2fast | |
| 650 | 7. | ‡aTwins. ‡2fast ‡0(LARL_NWRL_CONSORTIUM)178478 | |
| 655 | 0. | ‡aYoung adult fiction. | |
| 655 | 7. | ‡aFiction. ‡2fast | |
| 655 | 7. | ‡aJuvenile works. ‡2fast | |
| 655 | 7. | ‡aYoung adult works. ‡2fast | |
| 655 | 7. | ‡aScience fiction. ‡2lcgft | |
| 905 | . | ‡uvanderl | |
| 901 | . | ‡a331292 ‡b ‡c331292 ‡tbiblio ‡soclc | |

Add to basket
Permalink
Disable Highlighting